<?xml version="1.0" encoding="UTF-8"?>
<collection xmlns="http://www.loc.gov/MARC21/slim">
 <record>
  <leader>04210nam a22003731a 4500</leader>
  <controlfield tag="001">000035475</controlfield>
  <controlfield tag="003">11761</controlfield>
  <controlfield tag="005">20221128152019.0</controlfield>
  <controlfield tag="008">160107s2015                  000   eng</controlfield>
  <datafield tag="040" ind1=" " ind2=" ">
   <subfield code="a">LNN</subfield>
  </datafield>
  <datafield tag="041" ind1=" " ind2=" ">
   <subfield code="a">eng</subfield>
  </datafield>
  <datafield tag="082" ind1=" " ind2=" ">
   <subfield code="a">420.4</subfield>
   <subfield code="b">ĐĂ-N</subfield>
  </datafield>
  <datafield tag="100" ind1=" " ind2=" ">
   <subfield code="a">Đặng,Thị Cẩm Ngọc</subfield>
  </datafield>
  <datafield tag="245" ind1=" " ind2="3">
   <subfield code="a">an investigation into linguistic features of material processes in “perfect spy” by larry berman versus its vietnamese translational version by đỗ hùng /</subfield>
   <subfield code="c">Đặng Thị Cẩm Ngọc; Phan Văn Ḥa supervisor.</subfield>
   <subfield code="h">[Thesis-Luận văn thạc sĩ] /</subfield>
  </datafield>
  <datafield tag="260" ind1=" " ind2=" ">
   <subfield code="c">2015.</subfield>
  </datafield>
  <datafield tag="300" ind1=" " ind2=" ">
   <subfield code="a">83tr . : ;</subfield>
   <subfield code="c">30cm+.</subfield>
  </datafield>
  <datafield tag="520" ind1=" " ind2=" ">
   <subfield code="a">The system of transitivity belongs to one mode of the ideational metafunction, that is, the experiential one which is a source for construing our experience in terms of configuration of a process, participants and circumstances. Out of three main process types in transitivity system, Material process takes up an ample room in written form. Consequently, the aim of the study is to focus on the similarities and differences in the Material process in ―Perfect Spy‖ by Larry Berman versus its Vietnamese translational equivalent ―Điệp Viên Hoàn Hảo‖ by Đỗ Hùng in order that the problems related to realizing, usage and applying the material process will be drawn from this study. After reading the English work an its Vietnamese version, I pick out 1684 samples related to the material process from the English work ―Perfect Spy‖ and its Vietnamese version ―Điệp Viên Hoàn Hảo‖. Both qualitative and quantitative information taken from the samples which is extracted from the work ―Perfect Spy‖ by Larry Berman and in its Vietnamese version is the basic for drawing the implications for teaching and learning material process as well as their application for translation and interpretation. In addition, it simultaneously, encourages those who are interested in English grammar from English grammar from Functional approach to do.</subfield>
  </datafield>
  <datafield tag="650" ind1=" " ind2=" ">
   <subfield code="a">linguistic features of material processes in “perfect spy”</subfield>
  </datafield>
  <datafield tag="653" ind1=" " ind2=" ">
   <subfield code="a">linguistic features</subfield>
   <subfield code="a">material processes in “perfect spy”</subfield>
   <subfield code="a">vietnamese translational version by đỗ hùng</subfield>
  </datafield>
  <datafield tag="700" ind1=" " ind2=" ">
   <subfield code="a">Phan Văn Ḥa</subfield>
   <subfield code="e">supervisor</subfield>
  </datafield>
  <datafield tag="OWN" ind1=" " ind2=" ">
   <subfield code="a">LNN</subfield>
  </datafield>
  <datafield tag="902" ind1=" " ind2=" ">
   <subfield code="a">Luận văn thạc sĩ</subfield>
  </datafield>
  <datafield tag="AVA" ind1=" " ind2=" ">
   <subfield code="a">UDN50</subfield>
   <subfield code="b">LNN</subfield>
   <subfield code="c">English</subfield>
   <subfield code="d">420.4 ĐĂ-N</subfield>
   <subfield code="e">available</subfield>
   <subfield code="t">Error 5001 Not defined in file expand_doc_bib_avail.</subfield>
   <subfield code="f">1</subfield>
   <subfield code="g">0</subfield>
   <subfield code="h">N</subfield>
   <subfield code="i">0</subfield>
   <subfield code="j">AN</subfield>
   <subfield code="k">1</subfield>
  </datafield>
  <datafield tag="Z40" ind1="3" ind2=" ">
   <subfield code="y">an investigation into linguistic features of material processes in “perfect spy” by larry berman</subfield>
   <subfield code="l">Library of UFL</subfield>
   <subfield code="t">VIEW</subfield>
   <subfield code="x">http://catalog.udn.vn:80/F?func=service&amp;doc_library=UDN01&amp;local_base=UDN01&amp;doc_number=000035475&amp;sequence=000001&amp;line_number=0001&amp;func_code=DB_RECORDS&amp;service_type=MEDIA</subfield>
   <subfield code="f">TOMTAT_000011413.pdf</subfield>
   <subfield code="e">pdf</subfield>
   <subfield code="s">000323586</subfield>
   <subfield code="k">20210727</subfield>
   <subfield code="m">NTMTHI</subfield>
  </datafield>
  <datafield tag="Z40" ind1="3" ind2=" ">
   <subfield code="y">an investigation into linguistic features of material processes in “perfect spy” by larry berman</subfield>
   <subfield code="l">Library of UFL</subfield>
   <subfield code="t">VIEW</subfield>
   <subfield code="x">http://catalog.udn.vn:80/F?func=service&amp;doc_library=UDN01&amp;local_base=UDN01&amp;doc_number=000035475&amp;sequence=000002&amp;line_number=0002&amp;func_code=DB_RECORDS&amp;service_type=MEDIA</subfield>
   <subfield code="f">LUANVAN_000011415.pdf</subfield>
   <subfield code="e">pdf</subfield>
   <subfield code="s">000745920</subfield>
   <subfield code="k">20210727</subfield>
   <subfield code="m">NTMTHI</subfield>
  </datafield>
  <datafield tag="999" ind1=" " ind2=" ">
   <subfield code="a">From the UDN01</subfield>
  </datafield>
  <datafield tag="AVA" ind1=" " ind2=" ">
   <subfield code="a">UDN50</subfield>
   <subfield code="b">LNN</subfield>
   <subfield code="c">English</subfield>
   <subfield code="d">420.4 ĐĂ-N</subfield>
   <subfield code="e">available</subfield>
   <subfield code="t">Error 5001 Not defined in file expand_doc_bib_avail.</subfield>
   <subfield code="f">1</subfield>
   <subfield code="g">0</subfield>
   <subfield code="h">N</subfield>
   <subfield code="i">0</subfield>
   <subfield code="j">AN</subfield>
   <subfield code="k">1</subfield>
  </datafield>
  <datafield tag="TYP" ind1=" " ind2=" ">
   <subfield code="a">Monograph</subfield>
  </datafield>
  <datafield tag="TYP" ind1=" " ind2=" ">
   <subfield code="a">Printed language</subfield>
  </datafield>
  <datafield tag="856" ind1=" " ind2=" ">
   <subfield code="y">an investigation into linguistic features of material processes in “perfect spy” by larry berman</subfield>
   <subfield code="l">Library of UFL</subfield>
   <subfield code="t">VIEW</subfield>
   <subfield code="x">http://catalog.udn.vn:80/F?func=service&amp;doc_library=UDN01&amp;local_base=UDN01&amp;doc_number=000035475&amp;sequence=000001&amp;line_number=0001&amp;func_code=DB_RECORDS&amp;service_type=MEDIA</subfield>
   <subfield code="f">TOMTAT_000011413.pdf</subfield>
   <subfield code="e">pdf</subfield>
   <subfield code="s">000323586</subfield>
   <subfield code="k">20210727</subfield>
   <subfield code="m">NTMTHI</subfield>
  </datafield>
  <datafield tag="856" ind1=" " ind2=" ">
   <subfield code="y">an investigation into linguistic features of material processes in “perfect spy” by larry berman</subfield>
   <subfield code="l">Library of UFL</subfield>
   <subfield code="t">VIEW</subfield>
   <subfield code="x">http://catalog.udn.vn:80/F?func=service&amp;doc_library=UDN01&amp;local_base=UDN01&amp;doc_number=000035475&amp;sequence=000002&amp;line_number=0002&amp;func_code=DB_RECORDS&amp;service_type=MEDIA</subfield>
   <subfield code="f">LUANVAN_000011415.pdf</subfield>
   <subfield code="e">pdf</subfield>
   <subfield code="s">000745920</subfield>
   <subfield code="k">20210727</subfield>
   <subfield code="m">NTMTHI</subfield>
  </datafield>
  <datafield tag="980" ind1=" " ind2=" ">
   <subfield code="a">Mạng thư viện Đại học Đà Nẵng</subfield>
  </datafield>
 </record>
</collection>
